| 000 | 00337nam a22001457a 4500 | ||
|---|---|---|---|
| 020 | _a0-89588-042-3 | ||
| 082 | _a004.16 ZAK'M | ||
| 100 |
_aZAKS, RODNAY _957347 |
||
| 245 | _aMICROPROCESSORS ,FROM CHIPS TO SYSTEMS | ||
| 250 | _a3RD | ||
| 260 |
_aUSA _bSYBEX _c1980 |
||
| 300 | _a413P | ||
| 650 |
_aMICROCOMPUTERS _98096 |
||
| 942 | _cBK | ||
| 999 |
_c567638 _d567638 |
||